| 000 | 00607nam a2200181 i 4500 | ||
|---|---|---|---|
| 001 | 132158 | ||
| 003 | ES-MaACL | ||
| 005 | 20230906194121.0 | ||
| 007 | t| | ||
| 008 | 070214s1965 sp |||| | spa d | ||
| 100 | 1 |
_aRojas Ferrer, Pedro. _999066 |
|
| 245 | 1 | 0 |
_aValoración histórica de "Los episodios nacionales" de B. Pérez Galdós / _cPedro Rojas Ferrer. |
| 260 |
_aCartagena : _b[s.n.], _c1965 ( _fTall. La Moderna) |
||
| 300 |
_a418 p. ; _c21 cm. |
||
| 600 | 1 | 7 |
_aPérez Galdós, Benito, _d1843-1920. _tEpisodios nacionales _2 _9138149 |
| 852 |
_aES-MaACL _jC-28746 |
||
| 999 |
_c132158 _d132158 |
||